000 00634nam a22001937a 4500
005 20260414123901.0
008 260413s1980 sp |||gr|||| 001 f spa d
020 _a84-253-1217-5
040 _aEC-QuCCB
082 _a839.813
_bM2519
100 1 _aMalko, George,
_944533
245 1 0 _aLa Luna :
_bbasada en el guión cinematográfico de Bernardo Bertolucci y Giuseppe Bertolucci
_cGeorge Malko ; traducido por J. M. Alvarez y Angela Pérez
250 _aPrimera edición
260 _aBarcelona, España :
_bEdiciones Grijalbo,
_c1980
300 _a177 páginas ;
_c19 cm
590 _ajcc
650 4 _aNovela danesa
942 _cBK
999 _c83840
_d83840